| 000 | 01393cam a2200349 4500 | ||
|---|---|---|---|
| 008 | 011019n2003 000 0 eng u | ||
| 020 | _a0632064617 | ||
| 035 | _a(Sirsi) u115210 | ||
| 041 | _aeng. | ||
| 050 | _a306.1 | ||
| 100 |
_aO'Sullivan, T. _xEditor |
||
| 245 | _aHousing economics and public policy | ||
| 260 |
_aOxford _bBlackwell Science _c2003 |
||
| 300 |
_axvii,328p. _bill. _c25cm. |
||
| 350 | _a39.99 | ||
| 490 | _aBlackwell Real Estate Issues | ||
| 520 | _aAssesses 20 years of progress in the field of housing economics and its application to policy and practice. Chapters written by 16 different leading housing experts present a contemporary survey of key issues in housing, from urban housing markets and sub-market modelling, to the economics of social housing, the basis for housing planning, economic analysis of neighbourhoods, and the connections between academic work and policy development. | ||
| 650 | _aHOUSING ECONOMICS | ||
| 650 | _aHOUSING POLICY | ||
| 650 | _aURBAN HOUSING | ||
| 650 | _aURBAN ECONOMICS | ||
| 650 | _aHOUSING MARKET ECONOMICS | ||
| 650 | _aREAL ESTATE MARKET | ||
| 650 | _aSOCIAL HOUSING | ||
| 650 | _aUNITED STATES | ||
| 650 | _aRIGHT TO BUY | ||
| 650 | _aUNITED KINGDOM | ||
| 690 | _aHOUSING | ||
| 700 |
_aGibb, K. _xEditor |
||
| 710 |
_aRoyal Institution of Chartered Surveyors _bFoundation _94173 |
||
| 942 | _n0 | ||
| 999 |
_c101728 _d101728 |
||